000 00761nam a22002297i 4500
003 URS
005 20220114153127.0
008 170530b xxu||||| |||| 00| 0 eng d
020 _a9718797254
040 _erda
_cURSP-College Library
_beng
050 _b302.224409599 D7371 1994
100 1 _aDoronila, Maria Luisa Canieso
245 _aAral-Buhay
_bIsang Etnograpikong Pag-aaral ng Functional Literacy sa Labing-apat na Pamayanang Pilipino
_cMaria Luisa Canieso Doronila
264 1 _aManila
_bDept. Educ. Culture and Sports
_c1994.
300 _axx, 181pages
_c23CM.
336 _atext
_btxt
_2rdacontent
337 _aunmediated
_bn
_2rdamedia
338 _avolume
_bnc
_2rdacarrier
500 _aIncludes apendise
650 0 _aaral-buhay.
942 _2lcc
_cF
999 _c8163
_d8163